00939cam a22002297 450000100060000000300080000600500170001400800410003103500190007204000230009104100080011408200330012210000300015511000630018524501740024826000520042230000220047465000380049694200120053499900170054695201460056351748BD-RjUL20211209075716.0160903s1955 pk 000 0 eng  a(BD-RjUL)51868 aDLCcDLCdDLCbeng aeng 223 a343.05525491bNAL 1955  aNaqvi, S.M. Raza 91409441 aPakistan.kLaws, statutes, etc. [from old catalog]915650414aThe law of sales tax in Pakistan, Act III of 1951 :bContaining short but concise notes on sections converting notifications upto 31st august, 1954 / cS.M. Raza naqvi  aLahore :bAll-Pakistan Legal Decisions, c1955  a257 p. ;c23 cm.  aSales taxxLawzPakistan 9134356 2ddccBK c51748d51748 00102ddc40708NFICaRUCLbRUCLcStackd1955-12-12epub.united ltdg5.80l0o343.5491055 NAL 1955r2016-09-03 00:00:00tC-2w2016-09-03yBK